Los Angeles Dodgers Season Home Run Leaders - Statistics

General Stats
  • This quiz has been taken 37 times
    16 since last reset
  • The average score is 48 of 141
Answer Stats
Year Player % Correct
2024 | 2025 Shohei Ohtani
100%
1953 | 1955 | 1956 | 1957 Duke Snider
92%
2020 | 2022 | 2023 Mookie Betts
92%
1949 | 1950 | 1951 | +4 others Gil Hodges
77%
1947 Jackie Robinson
77%
2017 | 2019 Cody Bellinger
69%
1972 Frank Robinson
69%
2010 | 2011 | 2012 Matt Kemp
69%
2003 | 2004 Adrian Beltré
62%
1988 Kirk Gibson
62%
2018 | 2021 Max Muncy
62%
1978 Reggie Smith
62%
1975 | 1976 | 1981 Ron Cey
62%
1977 | 1979 Steve Garvey
62%
1999 | 2000 Gary Sheffield
54%
1993 | 1994 | 1995 | +2 others Mike Piazza
54%
1980 Dusty Baker
46%
Eric Karros
46%
1960 | 1962 | 1963 | 1964 Frank Howard
46%
Justin Turner
46%
1982 | 1983 | 1985 | 1987 Pedro Guerrero
46%
Pee Wee Reese
46%
1998 Raúl Mondesi
46%
2001 | 2002 Shawn Green
46%
2013 | 2014 | 2015 Adrián González
38%
1944 Dixie Walker
38%
Willie Davis
38%
1912 | 1913 | 1914 | +5 others Zack Wheat
38%
1991 Darryl Strawberry
31%
Davey Lopes
31%
1989 Eddie Murray
31%
1971 Dick Allen
23%
2005 | 2007 Jeff Kent
23%
1974 Jim Wynn
23%
1961 John Roseboro
23%
1984 Mike Marshall
23%
2008 | 2009 Andre Ethier
15%
1986 Franklin Stubbs
15%
Hack Wilson
15%
1990 Kal Daniels
15%
1965 | 1966 Lou Johnson
15%
1926 | 1927 | 1930 | 1931 Babe Herman
8%
1973 Joe Ferguson
8%
2006 Nomar Garciaparra
8%
1919 Tommy Griffith
8%
AJ Pollock
0%
1967 Al Ferrara
0%
1969 Andy Kosco
0%
1943 Augie Galan
0%
1936 Babe Phelps
0%
1970 Billy Grabarkewitz
0%
1917 Casey Stengel
0%
Charlie Neal
0%
1937 Cookie Lavagetto
0%
1928 Del Bissonette
0%
1938 | 1939 | 1940 | +2 others Dolph Camilli
0%
1948 Gene Hermanski
0%
George Cutshaw
0%
1945 Goody Rosen
0%
1904 | 1905 | 1907 Harry Lumley
0%
1918 Hi Myers
0%
Jack Fournier
0%
1910 Jake Daubert
0%
J.D. Drew
0%
Jim Hickman
0%
1903 Jimmy Sheckard
0%
1909 John Hummel
0%
1929 Johnny Frederick
0%
1968 Len Gabrielson
0%
1934 Len Koenecke
0%
1935 Lonny Frey
0%
1946 Pete Reiser
0%
1911 Tex Erwin
0%
1906 | 1908 Tim Jordan
0%
Tony Cuccinello
0%
2016 Yasmani Grandal
0%
No matching quizzes found
Score Distribution
Percent of People with Each Score
Percentile by Number Answered
Your Score History
You have not taken this quiz since the last reset